The Properties of Gases and Liquied

Bibliographic Details
Main Authors: Reid, Robert C., Sherwood, Thomas k., Prausnitz, John M.
Format: Section = Libro
Language:Undetermined
Spanish
Published: United States McGraw-Hill 1977
Edition:3a.ed
Subjects:
LEADER 00574nam a2200229Ia 4500
008 240830s9999 xx 000 0 und d
020 |a 0-07-051790-8 
040 |a CEDOC FIQ-RUSB / 539 R639 
041 |a spa 
082 |a 539 R639 
100 1 |a Reid, Robert C. 
100 1 |b Sherwood, Thomas k. 
100 1 |c Prausnitz, John M. 
245 1 4 |a The Properties of Gases and Liquied 
250 |a 3a.ed 
260 |a United States  |b McGraw-Hill  |c 1977 
300 |a 688 p.: il. 
650 7 |a FISICOQUIMICA 
650 7 |b  LIQUIDOS 
942 |c BK  |2 ddc 
991 |a TEXTO 
999 |c 13387